|
|
|
|
| LEADER |
00000cam a2200000 a 4500 |
| 001 |
vtls010320780 |
| 003 |
SK-MaSNL |
| 005 |
20260302082319.0 |
| 008 |
240318s2011 xo dl e p 000 0 slo |
| 015 |
|
|
|a SNBA2012/01-00179
|
| 020 |
|
|
|a 9788070978924
|q (brož.)
|
| 035 |
|
|
|a 4BB5D6CB-1DC1-49CE-987D-C6DA1C745AF7
|
| 035 |
|
|
|a urn:nbn:sk:snk-amkwor
|
| 035 |
|
|
|a urn:nbn:sk:snk-am0082wf
|
| 040 |
|
|
|a SNK
|b slo
|c SNK
|e AACR2
|
| 041 |
0 |
|
|a slo
|
| 044 |
|
|
|a xo
|c SK
|
| 072 |
|
7 |
|a 614
|x Verejné zdravie a hygiena
|2 konspekt
|
| 080 |
|
|
|a 614.7
|2 2001
|
| 080 |
|
|
|a (075.8)
|2 2001
|
| 100 |
1 |
|
|a Holéczyová, Gabriela,
|d 1947-
|4 aut
|9 8027
|
| 245 |
1 |
0 |
|a Hygiena životného prostredia
|c Gabriela Holéczyová, Andrea Čipáková, Zuzana Dietzová
|
| 250 |
|
|
|a 1. vyd.
|
| 260 |
|
|
|a Košice
|b Univerzita Pavla Jozefa Šafárika
|c 2011
|
| 300 |
|
|
|a 201 s.
|b grafy, sch., tab.
|c 29 cm
|
| 366 |
|
|
|e 300 výt.
|
| 490 |
1 |
|
|a Vysokoškolské učebné texty
|
| 504 |
|
|
|a Bibliogr. s. 185-195
|
| 650 |
0 |
7 |
|a environmentálna hygiena
|2 SNKPH
|9 67879
|
| 650 |
0 |
7 |
|a Environmental health
|2 SNKPHeng
|9 332475
|
| 655 |
|
7 |
|a učebnice vysokých škôl
|2 SNKPH
|9 70191
|
| 655 |
|
7 |
|a Textbooks (higher)
|2 SNKPHeng
|9 276436
|
| 700 |
1 |
|
|a Čipáková, Andrea
|4 aut
|9 748852
|
| 700 |
1 |
|
|a Dietzová, Zuzana
|4 aut
|9 709614
|
| 810 |
2 |
|
|a Univerzita Pavla Jozefa Šafárika v Košiciach.
|b Lekárska fakulta
|t Vysokoškolské učebné texty
|9 276777
|
| 852 |
|
|
|a Štátna vedecká knižnica v Banskej Bystrici
|
| 919 |
|
|
|a 978-80-7097-892-4
|
| 958 |
|
|
|a OND
|
| 958 |
|
|
|a NB
|
| 968 |
|
|
|d 61
|
| 999 |
|
|
|c 1179639
|d 1181569
|
| 952 |
|
|
|a SNK
|b SNK
|y PREZ
|7 0
|p 17A0754865
|o snkSB 82069
|i snk2011/21738
|8 0
|0 0
|1 0
|4 0
|d 2011-10-25
|f 1
|l 0
|r 2025-05-06 00:00:00
|w 2026-02-24
|
| 952 |
|
|
|a SNK
|b SNK
|y VYP
|7 0
|p 17A0754864
|o snkSB 82069 D1
|i snk2011/21740
|8 0
|0 0
|1 0
|4 0
|d 2011-10-25
|l 0
|r 2026-02-24 21:34:28
|w 2026-02-24
|